[Event "It"]
[Site "Las Palmas ESP"]
[Date "1996.12.12"]
[Round "4"]
[White "Topalov, Veselin"]
[Black "Ivanchuk, Vassily"]
[Result "0-1"]
[WhiteElo "2750"]
[BlackElo "2730"]
[EventDate "1996.12.08"]

1.e4 c6 2.d4 d5 3.Cd2 dxe4 4.Cxe4 Cd7 5.Cg5 Cgf6 6.Fd3 e6 7.C1f3 Fd6 8.De2
h6 9.Ce4 Cxe4 10.Dxe4 Cf6 11.De2 Dc7 12.Fd2 b6 13.O-O-O Fb7 14.Rb1 Td8 15.
Thg1 c5 16.dxc5 Dxc5 17.a3 O-O 18.g4 Dd5 19.g5 Dxf3 20.gxf6 g6 21.Fxh6 
Fxh2 22.Th1 Dxe2 23.Fxe2 Txd1+ 24.Txd1 Tc8 25.f3 Fg3 26.Fg7 g5 27.Td7 Fc6 
28.Txa7 Td8 29.a4 Fe5 30.a5 Td2 31.Fc4 b5 32.Fb3 Fxf3 33.Te7 Td6 34.Te8+ 
Rh7 35.Ff8 Td1+ 36.Ra2 Fxf6 37.a6 g4 38.c4 Td2 39.cxb5 g3 40.b6 g2 41.Fc5 
Fxb2 0-1

[Event "It"]
[Site "Las Palmas ESP"]
[Date "1996.12.21"]
[Round "10"]
[White "Ivanchuk, Vassily"]
[Black "Topalov, Veselin"]
[Result "0-1"]
[WhiteElo "2730"]
[BlackElo "2750"]
[EventDate "1996.12.08"]

1.e4 c5 2.Cf3 d6 3.d4 cxd4 4.Cxd4 Cf6 5.Cc3 a6 6.Fe3 e6 7.g4 h6 8.f4 b5 9.
Fg2 Fb7 10.g5 hxg5 11.fxg5 b4 12.Ca4 Ch5 13.O-O Cd7 14.g6 Chf6 15.c3 Ce5 
16.gxf7+ Rxf7 17.cxb4 Th4 18.Db3 De8 19.Tac1 Fxe4 20.Tc7+ Rg8 21.Cxe6 Tg4 
22.Txf6 Txg2+ 23.Rf1 Db5+ 0-1

[Event "Hoogovens"]
[Site "Wijk aan Zee NED"]
[Date "1999.01.24"]
[Round "7"]
[White "Topalov, Veselin"]
[Black "Ivanchuk, Vassily"]
[Result "1/2-1/2"]
[WhiteElo "2700"]
[BlackElo "2714"]

1.e4 c5 2.Cf3 e6 3.d4 cxd4 4.Cxd4 Cc6 5.Cc3 a6 6.Fe3 Cf6 7.Fd3 d6 8.f4 e5 
9.Cxc6 bxc6 10.Dd2 Cg4 11.f5 Cxe3 12.Dxe3 Fe7 13.O-O O-O 14.Rh1 Fd7 15.
Tad1 a5 16.Fc4 a4 17.Td3 Fc8 18.De2 Rh8 19.Cd1 g6 20.Ce3 Fg5 21.Tfd1 Db6 
22.b3 Ta7 23.f6 axb3 24.cxb3 Fxf6 25.Txd6 Fg5 26.Cd5 Dc5 27.Cf6 Da3 28.h3 
Rg7 29.Df3 Dxa2 30.Txc6 Db2 31.Tf1 Dd4 32.Td1 Ta1 33.Txa1 Dxa1+ 34.Rh2 
Ff4+ 35.g3 Db2+ 36.Dg2 Dxg2+ 37.Rxg2 Fg5 38.Cd5 Fe6 39.h4 Fd2 40.Rf3 Tb8 
41.Re2 Fb4 42.Cxb4 Txb4 43.Rd2 Fxc4 44.bxc4 f5 45.exf5 1/2-1/2

[Event "It"]
[Site "Las Palmas ESP"]
[Date "1996.12.11"]
[Round "3"]
[White "Topalov, Veselin"]
[Black "Karpov, Anatoly"]
[Result "1/2-1/2"]
[WhiteElo "2750"]
[BlackElo "2775"]
[EventDate "1996.12.08"]

1.Cf3 d5 2.d4 e6 3.c4 dxc4 4.e3 a6 5.Fxc4 c5 6.O-O Cf6 7.Fb3 Cc6 8.De2 
cxd4 9.Td1 d3 10.Txd3 Dc7 11.Cc3 Fe7 12.e4 Cd7 13.Fe3 Cc5 14.Tdd1 O-O 15.
Tac1 Cxb3 16.axb3 Td8 17.Ca4 Txd1+ 18.Dxd1 Fd7 19.Fb6 Dc8 20.Ce5 Fe8 21.
Cd3 e5 22.Cc3 De6 23.Cd5 Tc8 24.h3 f6 25.Dg4 Dxg4 26.hxg4 Rf7 27.Cxe7 
1/2-1/2

[Event "It"]
[Site "Las Palmas ESP"]
[Date "1996.12.19"]
[Round "8"]
[White "Karpov, Anatoly"]
[Black "Topalov, Veselin"]
[Result "1/2-1/2"]
[WhiteElo "2775"]
[BlackElo "2750"]
[EventDate "1996.12.08"]

1.d4 Cf6 2.Cf3 e6 3.c4 c5 4.d5 d6 5.Cc3 exd5 6.cxd5 g6 7.e4 Fg7 8.h3 O-O 
9.Fd3 b5 10.Fxb5 Cxe4 11.Cxe4 Da5+ 12.Cfd2 Dxb5 13.Cxd6 Da6 14.C2c4 Cd7 
15.O-O Cb6 16.Cxb6 Dxb6 17.Cxc8 Taxc8 18.Tb1 Tfd8 19.Ff4 Db7 20.d6 Ff8 21.
Dd2 Fxd6 22.Fxd6 Tc6 23.Tfd1 Da6 24.Dg5 Tdxd6 25.Txd6 Txd6 26.Dxc5 Dxa2 
27.Te1 Td8 28.b4 a6 29.Dg5 Tf8 30.h4 Dc4 31.De7 h5 32.g3 Tc8 33.Td1 Dc6 
34.Td6 Da8 35.De1 Db7 36.Dd2 Te8 37.Dc3 Tc8 38.Dd2 Te8 39.Td5 Dc6 40.Rh2 
Df6 41.Td4 Dc6 42.Td6 Df3 43.Dd4 De4 44.Dc3 Db7 45.Tc6 Db5 46.Tf6 Te7 47.
Dc8+ Te8 48.Dxa6 Dxb4 49.Da2 Te6 50.Txe6 fxe6 51.Dxe6+ Rg7 52.Dd7+ Rf6 53.
Dc6+ Rg7 54.Dd5 Dc3 55.Rg2 Df6 56.Dd7+ Rg8 57.Dc7 De6 58.Df4 Dc6+ 59.Rf1 
De6 60.De3 Dc4+ 61.Re1 Dc2 62.Rf1 Dd1+ 63.Rg2 Dd5+ 64.f3 Da2+ 65.Rh3 Db1 
66.g4 hxg4+ 67.fxg4 Df1+ 68.Rg3 Df6 69.Dc5 De6 70.Dc3 De4 1/2-1/2

[Event "Hoogovens"]
[Site "Wijk aan Zee NED"]
[Date "1998.01.26"]
[Round "9"]
[White "Topalov, Veselin"]
[Black "Karpov, Anatoly"]
[Result "1-0"]
[WhiteElo "2740"]
[BlackElo "2735"]
[EventDate "1998.01.16"]

1.d4 d5 2.c4 e6 3.Cc3 Fe7 4.cxd5 exd5 5.Ff4 c6 6.Dc2 g6 7.e3 Ff5 8.Dd2 Cf6
9.f3 h5 10.Fd3 Fxd3 11.Dxd3 Ca6 12.Cge2 Cc7 13.O-O Ce6 14.Fe5 h4 15.Tae1 
O-O 16.g4 hxg3 17.hxg3 Cd7 18.Rg2 Cxe5 19.dxe5 Dd7 20.f4 f5 21.g4 Tf7 22.
Th1 Ff8 23.gxf5 Cc5 24.Dd1 Dxf5 25.Cd4 Dd7 26.Teg1 Te8 27.Th3 Ce6 28.Tgh1 
Fg7 29.Dc2 Cf8 30.Cce2 De7 31.Cf3 Db4 32.Tg3 c5 33.Ch4 Te6 34.Cc3 d4 35.
Cd5 Db5 36.e4 c4 37.Cf3 d3 38.Dc3 Ta6 39.Cd4 Dc5 40.Txd3 Txa2 41.Tdh3 b5 
42.Cf3 Ce6 43.Rg3 b4 44.Dd2 Tf8 45.Cf6+ Txf6 46.exf6 Fxf6 47.e5 Fg7 48.Th7
Df8 49.Cg5 Ta6 50.Th8+ 1-0

[Event "12. Olympiad"]
[Site "Moscow RUS"]
[Date "1994.??.??"]
[Round "?"]
[White "Topalov, Veselin"]
[Black "Kasparov, Garry"]
[Result "1-0"]
[WhiteElo "2640"]
[BlackElo "2800"]
[EventDate "1994.??.??"]

1.e4 c5 2.Cf3 d6 3.d4 cxd4 4.Cxd4 Cf6 5.Cc3 a6 6.Fe3 e6 7.g4 h6 8.f4 Cc6 
9.Fe2 e5 10.Cf5 g6 11.Cg3 exf4 12.Fxf4 Fe6 13.Tf1 Tc8 14.h3 Db6 15.Dd2 Fg7
16.Fxd6 Cxg4 17.Fxg4 Dxb2 18.e5 Cxe5 19.Tb1 Dxc3 20.Dxc3 Txc3 21.Fxe6 fxe6
22.Txb7 Cc4 23.Fb4 Te3+ 24.Ce2 Fe5 25.Tff7 Txh3 26.Cd4 Te3+ 27.Rf1 Te4 28.
Tfe7+ Rd8 29.Cc6+ Rc8 30.Ca7+ Rd8 31.Tbd7# 1-0

[Event "It"]
[Site "Las Palmas ESP"]
[Date "1996.??.??"]
[Round "1"]
[White "Topalov, Veselin"]
[Black "Kasparov, Garry"]
[Result "0-1"]
[WhiteElo "2750"]
[BlackElo "2785"]
[EventDate "1996.12.08"]

1.d4 Cf6 2.c4 e6 3.g3 Fb4+ 4.Fd2 Fe7 5.Fg2 d5 6.Cf3 O-O 7.O-O c6 8.Dc2 b6 
9.Ce5 Cfd7 10.Cd3 Fb7 11.Td1 a5 12.a3 Fa6 13.cxd5 cxd5 14.Fe3 Ta7 15.Cc3 
Tc7 16.Ff4 Tc8 17.Fxb8 Cxb8 18.Tac1 Cc6 19.e3 Fc4 20.Ff1 Dd7 21.Cf4 b5 22.
Fxc4 bxc4 23.e4 Ff6 24.exd5 Cxd4 25.De4 e5 26.Ch5 Fg5 27.f4 f5 28.Dg2 Df7 
29.Cxg7 Dxg7 30.fxg5 Dxg5 31.Rh1 e4 32.g4 Rh8 33.gxf5 Dxg2+ 34.Rxg2 Cxf5 
35.Rh1 Cd6 36.Te1 Tf4 37.a4 Tb8 38.Te2 Rg7 39.Tce1 Tb4 40.Cb5 Cxb5 41.axb5
Rf7 42.d6 Re6 43.Td2 Rd7 44.Tg1 Tf7 45.Te1 a4 46.Te3 Tg7 47.Txe4 a3 48.
Te7+ Txe7 49.dxe7+ Rxe7 50.bxa3 Tb1+ 51.Rg2 c3 52.Te2+ Rd6 53.Rf3 Rd5 54.
a4 Rd4 55.a5 Txb5 56.a6 Ta5 57.Te4+ Rd5 58.Te3 c2 59.Tc3 Tc5 0-1

[Event "It"]
[Site "Las Palmas ESP"]
[Date "1996.12.16"]
[Round "6"]
[White "Kasparov, Garry"]
[Black "Topalov, Veselin"]
[Result "1/2-1/2"]
[WhiteElo "2785"]
[BlackElo "2750"]
[EventDate "1996.12.08"]

1.e4 e5 2.Cf3 Cc6 3.d4 exd4 4.Cxd4 Fc5 5.Cxc6 Df6 6.Dd2 dxc6 7.Cc3 Ce7 8.
Df4 Cg6 9.Dxf6 gxf6 10.Fd2 Tg8 11.Ca4 Fd6 12.O-O-O Fe6 13.Cc3 O-O-O 14.g3 
Fg4 15.Fe2 Ce5 16.Ff4 Fh3 17.Fh5 Fc5 18.Txd8+ Txd8 19.Cd1 Fg2 20.Te1 Cf3 
21.Te2 Cg1 22.Fg4+ Rb8 23.Td2 Txd2 24.Rxd2 Fxe4 25.Cc3 Fg2 26.Fe3 Fe7 27.
Fh5 Cf3+ 28.Re2 Cg1+ 1/2-1/2

[Event "Hoogovens"]
[Site "Wijk aan Zee NED"]
[Date "1999.01.20"]
[Round "4"]
[White "Kasparov, Garry"]
[Black "Topalov, Veselin"]
[Result "1-0"]
[WhiteElo "2812"]
[BlackElo "2700"]
[EventDate "1999.??.??"]

1.e4 d6 2.d4 Cf6 3.Cc3 g6 4.Fe3 Fg7 5.Dd2 c6 6.f3 b5 7.Cge2 Cbd7 8.Fh6 
Fxh6 9.Dxh6 Fb7 10.a3 e5 11.O-O-O De7 12.Rb1 a6 13.Cc1 O-O-O 14.Cb3 exd4 
15.Txd4 c5 16.Td1 Cb6 17.g3 Rb8 18.Ca5 Fa8 19.Fh3 d5 20.Df4+ Ra7 21.The1 
d4 22.Cd5 Cbxd5 23.exd5 Dd6 24.Txd4 cxd4 25.Te7+ Rb6 26.Dxd4+ Rxa5 27.b4+ 
Ra4 28.Dc3 Dxd5 29.Ta7 Fb7 30.Txb7 Dc4 31.Dxf6 Rxa3 32.Dxa6+ Rxb4 33.c3+ 
Rxc3 34.Da1+ Rd2 35.Db2+ Rd1 36.Ff1 Td2 37.Td7 Txd7 38.Fxc4 bxc4 39.Dxh8 
Td3 40.Da8 c3 41.Da4+ Re1 42.f4 f5 43.Rc1 Td2 44.Da7 1-0

[Event "Hoogovens 5'"]
[Site "Wijk aan Zee NED"]
[Date "1999.01.18"]
[Round "5"]
[White "Topalov, Veselin"]
[Black "Kasparov, Garry"]
[Result "0-1"]
[WhiteElo "2700"]
[BlackElo "2812"]
[EventDate "1999.??.??"]

1.Cf3 Cf6 2.c4 b6 3.g3 Fb7 4.Fg2 c5 5.O-O g6 6.d4 cxd4 7.Dxd4 Fg7 8.Cc3 d6
9.Td1 Cbd7 10.Fe3 O-O 11.Dh4 Tc8 12.Fh3 Fxf3 13.exf3 Ce5 14.Rg2 Txc4 15.
Td4 Txc3 16.bxc3 Da8 17.Rf1 Cxf3 18.Fg2 Cxh4 19.Fxa8 Cf5 20.Fb7 Cxd4 21.
cxd4 Tb8 22.Fa6 Cd5 23.Tc1 h5 24.Re2 e6 25.a3 b5 26.Tc8+ Txc8 27.Fxc8 Cxe3
28.fxe3 d5 29.Fa6 Ff8 30.Fxb5 Fxa3 31.h3 f5 32.Fa6 g5 33.Rf3 g4+ 34.hxg4 
hxg4+ 35.Rf2 Rf7 36.Re2 Fd6 37.Rf2 Fb4 38.Rf1 Fd2 39.Re2 Fb4 40.Rf1 Re7 
41.Rf2 Fa5 42.Rf1 Fb6 43.Rf2 Rf6 44.Re2 e5 45.dxe5+ Rxe5 46.Rd3 Fc7 47.Re2
Rf6 48.Rf2 Fe5 49.Rg2 d4 50.exd4 Fxd4 51.Rf1 Rg5 52.Rg2 f4 53.gxf4+ Rxf4 
54.Rf1 Re3 0-1

[Event "It"]
[Site "Las Palmas ESP"]
[Date "1996.12.10"]
[Round "2"]
[White "Kramnik, Vladimir"]
[Black "Topalov, Veselin"]
[Result "1/2-1/2"]
[WhiteElo "2765"]
[BlackElo "2750"]
[EventDate "1996.12.08"]

1.Cf3 Cf6 2.c4 g6 3.Cc3 Fg7 4.e4 d6 5.d4 O-O 6.Fe2 e5 7.O-O Cc6 8.d5 Ce7 
9.b4 a5 10.Fa3 axb4 11.Fxb4 Cd7 12.a4 Fh6 13.a5 f5 14.Cd2 Rh8 15.Fd3 Tf6 
16.Ca4 Tf7 17.c5 dxc5 18.Fc3 fxe4 19.Fxe4 Cf5 20.Cc4 Fg7 21.Fxf5 Txf5 22.
d6 Tb8 23.dxc7 Dxc7 24.Dd6 Dxd6 25.Cxd6 Tf8 26.Tfd1 b5 27.axb6 Cxb6 28.
Cxc5 Fg4 29.f3 Cd7 30.Ca6 Tb3 31.Tac1 Fe6 32.Cc7 Ff7 33.Ce4 Cb8 34.Cg5 Cc6
35.Td7 Fe8 36.Txg7 Rxg7 37.Cce6+ Rg8 38.Cxf8 Rxf8 39.Cxh7+ Re7 40.Cg5 Fd7 
41.Fd2 Tb2 42.Ce4 Cd4 43.Te1 Fc6 44.Fg5+ Re6 45.Cd2 Cc2 46.Tc1 Cd4 47.Te1 
Cc2 48.Td1 Cd4 49.h4 Ce2+ 50.Rh2 Cd4 51.Rh3 Rd5 52.Te1 Ta2 53.Ce4 Tc2 54.
Ta1 Fd7+ 55.Rg3 Fb5 56.Ta8 Ff1 57.Td8+ Re6 58.Fd2 Fd3 59.Te8+ Rf7 60.Cd6+ 
Rg7 61.Te7+ Rf8 62.Fg5 Ff1 63.Txe5 Txg2+ 64.Rf4 Te2 65.Ce4 Fg2 66.Fe7+ Rf7
67.Fc5 Ce6+ 68.Rg3 Ff1 69.Ff2 Cg7 70.Rg4 Ce6 71.Td5 Tc2 72.Td7+ Re8 73.
Cf6+ Rf8 74.Fg3 Tc4+ 75.Ce4 Re8 76.Ta7 Fd3 77.Fd6 Fxe4 78.fxe4 Txe4+ 79.
Rf3 Te1 80.Rf2 Te4 1/2-1/2

[Event "It"]
[Site "Las Palmas ESP"]
[Date "1996.12.17"]
[Round "7"]
[White "Topalov, Veselin"]
[Black "Kramnik, Vladimir"]
[Result "1-0"]
[WhiteElo "2750"]
[BlackElo "2765"]
[EventDate "1996.12.08"]

1.d4 Cf6 2.c4 g6 3.Cc3 Fg7 4.e4 d6 5.Cf3 O-O 6.Fe2 e5 7.Fe3 c6 8.d5 Cg4 9.
Fg5 f6 10.Fh4 c5 11.O-O Ch6 12.Ce1 Cd7 13.Tb1 b6 14.a3 g5 15.Fg3 f5 16.
exf5 Cxf5 17.Ce4 h6 18.Cc2 Cf6 19.Fd3 De8 20.Ce3 Cxe4 21.Fxe4 h5 22.Dd3 
Df7 23.f3 Cxe3 24.Dxe3 Fh6 25.Fe1 Dg7 26.Fd2 Tf6 27.Dd3 g4 28.Fxh6 Dxh6 
29.fxg4 Fxg4 30.Txf6 Dxf6 31.Tf1 Dg7 32.h3 Fd7 33.Df3 Fe8 34.Df5 Df7 35.
Dg5+ Dg7 36.Dh4 Dh6 37.Tf6 De3+ 38.Rh2 Rg7 39.Tf3 1-0

[Event "Hoogovens"]
[Site "Wijk aan Zee NED"]
[Date "1998.01.27"]
[Round "10"]
[White "Kramnik, Vladimir"]
[Black "Topalov, Veselin"]
[Result "1/2-1/2"]
[WhiteElo "2790"]
[BlackElo "2740"]
[EventDate "1998.01.16"]

1.Cf3 Cf6 2.c4 c5 3.Cc3 d5 4.cxd5 Cxd5 5.d4 Cxc3 6.bxc3 g6 7.e3 Fg7 8.Fd3 
O-O 9.O-O Dc7 10.De2 Td8 11.Td1 b6 12.Fb2 Cc6 13.Tac1 Fb7 14.e4 e6 15.h4 
Tac8 16.h5 Df4 17.hxg6 hxg6 18.Fb1 Ca5 19.Te1 Dg4 20.Tcd1 cxd4 21.cxd4 Cc4
22.Fc1 b5 23.g3 Te8 24.Rg2 f5 25.Cg5 1/2-1/2

[Event "Schachtage"]
[Site "Dortmund GER"]
[Date "1999.07.15"]
[Round "5"]
[White "Kramnik, Vladimir"]
[Black "Topalov, Veselin"]
[Result "1-0"]
[WhiteElo "2751"]
[BlackElo "2700"]
[EventDate "1999.07.10"]

1.d4 Cf6 2.Cf3 d5 3.c4 c6 4.Cc3 a6 5.c5 Ff5 6.Ff4 Cbd7 7.e3 e6 8.Fe2 Fe7 
9.Cd2 Fg6 10.b4 Dc8 11.O-O Fd8 12.Tc1 Fc7 13.Fxc7 Dxc7 14.f4 Cg8 15.e4 Ce7
16.f5 exf5 17.exd5 cxd5 18.b5 O-O 19.b6 Dd8 20.Cb3 Cf6 21.Ca5 Tb8 22.a4 
Ce4 23.Ca2 f6 24.Cb4 Fe8 25.Dc2 g6 26.Tb1 Tf7 27.Cxb7 Txb7 28.a5 Cc6 29.
Cxc6 Fxc6 30.Fxa6 Tb8 31.Fb5 Dc8 32.Fxc6 Dxc6 33.a6 Rg7 34.Tb4 Cd6 35.Da4 
Dxa4 36.Txa4 Cc8 37.Tb4 Ca7 38.bxa7 Ta8 39.c6 Taxa7 40.Tc1 1-0

[Event "Rapid 45"]
[Site "Oviedo ESP"]
[Date "1992.??.??"]
[Round "5"]
[White "Topalov, Veselin"]
[Black "Shirov, Alexei"]
[Result "1-0"]
[WhiteElo "2460"]
[BlackElo "2655"]
[EventDate "1992.??.??"]

1.e4 c5 2.Cf3 d6 3.d4 cxd4 4.Cxd4 Cf6 5.Cc3 Cc6 6.Fg5 e6 7.Dd2 a6 8.O-O-O 
h6 9.Ff4 Fd7 10.Cxc6 Fxc6 11.De1 Dc7 12.h4 b5 13.Cd5 Fxd5 14.exd5 e5 15.
Rb1 Fe7 16.Fc1 O-O 17.g4 Cxg4 18.Tg1 h5 19.f3 Cf6 20.Fd3 Rh8 21.Txg7 Rxg7 
22.Dg3+ Cg4 23.fxg4 Tg8 24.Tf1 Rf8 25.g5 Re8 26.Df3 Tf8 27.Dxh5 Dc5 28.g6 
Dxd5 29.g7 Tg8 30.Dh7 Rd7 31.Df5+ Rc7 32.Fe4 1-0

[Event "GM tournament"]
[Site "Linares ESP"]
[Date "1994.??.??"]
[Round "5"]
[White "Topalov, Veselin"]
[Black "Shirov, Alexei"]
[Result "0-1"]
[WhiteElo "2640"]
[BlackElo "2705"]
[EventDate "1994.02.??"]

1.e4 g6 2.d4 Fg7 3.Cc3 c6 4.Cf3 d5 5.h3 Ch6 6.Ff4 f6 7.Fe2 Cf7 8.Fh2 O-O 
9.O-O b6 10.Te1 Fb7 11.Ff1 Cd7 12.a4 a6 13.a5 b5 14.exd5 cxd5 15.Te6 Tc8 
16.Cxb5 axb5 17.Fxb5 f5 18.De2 Cf6 19.a6 Fa8 20.Txe7 Txc2 21.Dxc2 Dxe7 22.
Da4 De6 23.b4 Ce4 24.Ff1 g5 25.b5 g4 26.Ce1 Db6 27.Cc2 Tc8 28.Ff4 Fh6 29.
Fxh6 Dxh6 30.hxg4 Dd2 31.f3 Df2+ 32.Rh2 Cfg5 33.Ce1 Dh4+ 34.Rg1 Ch3+ 0-1

[Event "It"]
[Site "Las Palmas ESP"]
[Date "1994.??.??"]
[Round "7"]
[White "Topalov, Veselin"]
[Black "Shirov, Alexei"]
[Result "1-0"]
[WhiteElo "2640"]
[BlackElo "2705"]
[EventDate "1994.05.??"]

1.e4 c5 2.Cf3 d6 3.d4 cxd4 4.Cxd4 Cf6 5.Cc3 Cc6 6.g3 g6 7.Cde2 Fg7 8.Fg2 
Tb8 9.b3 b5 10.Fb2 O-O 11.Dd2 Ce5 12.f4 Ced7 13.O-O-O Fb7 14.Cd5 a5 15.
The1 Cxd5 16.exd5 Fxb2+ 17.Rxb2 b4 18.Cd4 Cc5 19.f5 a4 20.Rb1 Cd7 21.fxg6 
hxg6 22.Dh6 axb3 23.axb3 e5 24.dxe6 Fxg2 25.e7 Da5 26.Ce6 1-0

[Event "Investbanka"]
[Site "Belgrade SCG"]
[Date "1995.??.??"]
[Round "2"]
[White "Topalov, Veselin"]
[Black "Shirov, Alexei"]
[Result "1/2-1/2"]
[WhiteElo "2670"]
[BlackElo "2695"]
[EventDate "1995.11.??"]

1.c4 Cf6 2.Cc3 g6 3.g3 Fg7 4.Fg2 O-O 5.d4 d6 6.Cf3 Cc6 7.O-O a6 8.b3 Tb8 
9.Fb2 b5 10.Ce1 Ca5 11.cxb5 axb5 12.Cd3 b4 13.Ce4 Cd5 14.e3 Fa6 15.Te1 e6 
16.a3 Cxb3 17.Dxb3 bxa3 18.Dxa3 Fxd3 19.Dxd3 Txb2 20.Teb1 1/2-1/2

[Event "?"]
[Site "Dos Hermanas ESP"]
[Date "1996.??.??"]
[Round "4"]
[White "Shirov, Alexei"]
[Black "Topalov, Veselin"]
[Result "1/2-1/2"]
[WhiteElo "2690"]
[BlackElo "2700"]
[EventDate "1996.05.??"]

1.e4 c5 2.Cf3 d6 3.d4 cxd4 4.Cxd4 Cf6 5.Cc3 g6 6.Fe3 Fg7 7.f3 Cc6 8.Dd2 
O-O 9.O-O-O d5 10.De1 e6 11.h4 Dc7 12.exd5 Cxd5 13.Cxd5 exd5 14.Dd2 Te8 
15.h5 Txe3 16.Dxe3 Cxd4 17.Txd4 Ff5 18.Fd3 Db6 19.Thh4 Fe4 20.Tdxe4 Dxb2+ 
21.Rd1 dxe4 22.Txe4 Dxa2 23.hxg6 hxg6 24.Te7 Db1+ 25.Re2 Ff6 26.Td7 a5 27.
Fxg6 Db5+ 28.Dd3 Te8+ 29.Fe4 Dxd3+ 1/2-1/2

[Event "?"]
[Site "Madrid ESP"]
[Date "1996.??.??"]
[Round "2"]
[White "Shirov, Alexei"]
[Black "Topalov, Veselin"]
[Result "1/2-1/2"]
[WhiteElo "2690"]
[BlackElo "2700"]
[EventDate "1996.05.??"]

1.e4 c5 2.Cf3 d6 3.d4 cxd4 4.Cxd4 Cf6 5.Cc3 g6 6.Fe3 Fg7 7.Fe2 O-O 8.Dd2 
Cc6 9.O-O-O Cxd4 10.Fxd4 Fe6 11.h4 Da5 12.Dg5 b5 13.Dxb5 Dc7 14.e5 Ce8 15.
exd6 Cxd6 16.Dc5 Dxc5 17.Fxc5 Fxc3 18.bxc3 Tfc8 19.Fxd6 exd6 20.Txd6 Txc3 
21.h5 Tc5 22.Rb2 Tf5 23.Tb1 1/2-1/2

[Event "?"]
[Site "Dortmund GER"]
[Date "1996.??.??"]
[Round "1"]
[White "Shirov, Alexei"]
[Black "Topalov, Veselin"]
[Result "1/2-1/2"]
[WhiteElo "2685"]
[BlackElo "2750"]
[EventDate "1996.07.??"]

1.d4 Cf6 2.c4 g6 3.Cc3 Fg7 4.e4 d6 5.Fe2 O-O 6.Cf3 e5 7.Fe3 c6 8.O-O exd4 
9.Cxd4 Te8 10.Dc2 De7 11.f3 d5 12.cxd5 cxd5 13.Fd3 Ca6 14.a3 Fd7 15.Tfe1 
dxe4 16.Cxe4 Cxe4 17.Fxe4 Tac8 18.Df2 Cc5 19.Fc2 Df6 20.Tad1 b6 21.Dd2 Ce6
22.Fe4 Tcd8 23.Dc1 Fa4 24.b3 Fd7 25.Cc6 Fxc6 26.Dxc6 Cc5 27.Fxc5 Dxc6 28.
Fxc6 Txe1+ 29.Txe1 bxc5 30.Te8+ 1/2-1/2

[Event "Millenium"]
[Site "Vienna AUT"]
[Date "1996.??.??"]
[Round "6"]
[White "Shirov, Alexei"]
[Black "Topalov, Veselin"]
[Result "0-1"]
[WhiteElo "2685"]
[BlackElo "2750"]
[EventDate "1996.08.09"]

1.d4 Cf6 2.c4 g6 3.Cc3 Fg7 4.e4 d6 5.Fe2 O-O 6.Cf3 e5 7.Fe3 c6 8.Dd2 De7 
9.d5 cxd5 10.cxd5 Cg4 11.Fg5 f6 12.Fh4 Ca6 13.O-O Ch6 14.Ce1 Cf7 15.Fxa6 
bxa6 16.Cc2 Tb8 17.Ce3 a5 18.Tfc1 h5 19.f3 Fh6 20.Ccd1 Cg5 21.Dxa5 f5 22.
De1 fxe4 23.fxe4 Tf4 24.Fxg5 Dxg5 25.Tc4 Fa6 26.Tc6 Fd3 27.Tac1 Tbf8 28.
Tc8 Fxe4 29.Cf2 Tf7 30.Txf8+ Txf8 31.Tc3 Df4 32.De2 Fb1 33.a3 Dd4 34.g3 a5
35.De1 e4 36.Rg2 Fd3 37.Cfd1 Df6 38.h4 g5 39.Cf2 Df3+ 40.Rg1 gxh4 0-1

[Event "It"]
[Site "Dos Hermanas ESP"]
[Date "1997.04.01"]
[Round "1"]
[White "Shirov, Alexei"]
[Black "Topalov, Veselin"]
[Result "1/2-1/2"]
[WhiteElo "2690"]
[BlackElo "2725"]
[EventDate "1997.04.01"]

1.e4 c5 2.c3 e6 3.d4 d5 4.e5 Cc6 5.Cf3 Fd7 6.Fe2 Ch6 7.O-O Cf5 8.Ca3 cxd4 
9.cxd4 Fxa3 10.bxa3 Db6 11.Fe3 Cxe3 12.fxe3 Dd8 13.Fd3 Tc8 14.Tc1 De7 15.
Tc5 O-O 16.Db1 b6 17.Tc2 h6 18.Fa6 Tcd8 19.Fb5 Ca5 20.Tc7 a6 21.Txd7 Txd7 
22.Fxd7 Dxd7 23.Dxb6 Db5 24.Dxb5 axb5 25.Tb1 Tc8 26.Txb5 Tc1+ 27.Rf2 Tc2+ 
28.Rf1 Cc4 29.Tb3 Txa2 30.Tc3 g6 31.h4 Rg7 32.e4 dxe4 33.Txc4 exf3 34.gxf3
Txa3 35.Rf2 Ta2+ 36.Rg3 Td2 37.Ta4 g5 38.hxg5 hxg5 39.f4 Rg6 40.fxg5 Rxg5 
41.Ta7 Txd4 1/2-1/2

[Event "6. Magistral"]
[Site "Madrid ESP"]
[Date "1997.05.23"]
[Round "3"]
[White "Shirov, Alexei"]
[Black "Topalov, Veselin"]
[Result "0-1"]
[WhiteElo "2690"]
[BlackElo "2725"]
[EventDate "1997.06.??"]

1.e4 e5 2.Cf3 Cc6 3.Fb5 a6 4.Fxc6 dxc6 5.O-O Fg4 6.h3 h5 7.d3 Df6 8.Fe3 
Fxf3 9.Dxf3 Dxf3 10.gxf3 Fd6 11.Cd2 Ce7 12.Tfb1 Cg6 13.b4 f6 14.a4 Rf7 15.
Rf1 Cf8 16.Re2 Ce6 17.c3 Thd8 18.Cc4 b6 19.Rd2 Fe7 20.Rc2 Td7 21.Td1 Tad8 
22.Td2 g6 23.Tad1 Ff8 24.Rb3 c5 25.b5 a5 26.Rc2 Fg7 27.Th1 f5 28.Tdd1 f4 
29.Fc1 Ff6 30.h4 Rg7 31.Th2 Rh7 32.Tg2 Rh6 33.Tdg1 Tg7 34.Th1 Rh7 35.Thg1 
Tdg8 36.Th1 Rh6 37.Rd2 g5 38.hxg5+ Cxg5 39.Re2 Ce6 40.Tgh2 h4 41.Txh4+ 
Fxh4 42.Txh4+ Rg5 43.Th1 Rf6 44.Fb2 Tg5 45.Th7 Te8 46.Td7 Te7 47.Td5 Th7 
48.d4 exd4 49.e5+ Rf5 50.cxd4 Tg2 51.Cd6+ cxd6 52.exd6+ Rg6 53.d7 Cd8 54.
dxc5 bxc5 55.Fc3 Rf7 56.Fxa5 Re6 57.Txc5 Txd7 58.Fc7 Tgg7 59.Fxf4 Cb7 60.
Tc6+ Rd5 61.Fe3 Tg1 62.Th6 Rc4 63.Tc6+ Rb3 64.b6 Rxa4 65.f4 Rb5 66.Tc2 Cd6
67.Tc5+ Ra6 68.Td5 Tgg7 69.Rf3 Cc4 70.Tc5 Cxb6 71.Tc6 Tb7 72.f5 Tgc7 73.
Te6 Rb5 74.Te5+ Rc4 75.Re4 Cd7 76.Ta5 Cf6+ 77.Re5 Tc6 78.Fg5 Tb5+ 79.Txb5 
Cd7+ 80.Re4 Rxb5 81.Rd5 Tc5+ 82.Re6 Cf8+ 0-1

[Event "Hoogovens"]
[Site "Wijk aan Zee NED"]
[Date "1998.01.16"]
[Round "1"]
[White "Shirov, Alexei"]
[Black "Topalov, Veselin"]
[Result "1/2-1/2"]
[WhiteElo "2710"]
[BlackElo "2740"]
[EventDate "1998.01.16"]

1.d4 Cf6 2.c4 e6 3.Cf3 c5 4.d5 d6 5.Cc3 exd5 6.cxd5 g6 7.e4 a6 8.h3 Fg7 9.
a4 O-O 10.Fd3 Te8 11.O-O c4 12.Fc2 Cbd7 13.Fe3 Dc7 14.De2 Tb8 15.Fa7 Ta8 
16.Fe3 Tb8 17.a5 b5 18.axb6 Cxb6 19.Tfc1 Cbd7 20.Cd2 Tb4 21.Ta4 a5 22.Cxc4
Fa6 23.Fd3 Fxc4 24.Fxc4 Cxe4 25.Txb4 axb4 26.Cxe4 Txe4 27.Dd3 Txe3 28.Dxe3
Fxb2 29.Tc2 Fc3 30.Fb5 Cf6 31.Ta2 Dc8 32.Fc6 Df5 33.Ta8+ Rg7 34.De7 Ce4 
35.Df8+ Rf6 36.Dd8+ Rg7 37.Df8+ Rf6 38.Dd8+ 1/2-1/2

[Event "SuperGM"]
[Site "Linares ESP"]
[Date "1998.02.24"]
[Round "3"]
[White "Shirov, Alexei"]
[Black "Topalov, Veselin"]
[Result "1-0"]
[WhiteElo "2710"]
[BlackElo "2740"]
[EventDate "1998.02.22"]

1.e4 c5 2.Cf3 e6 3.d4 cxd4 4.Cxd4 a6 5.Fd3 Db6 6.Cb3 Dc7 7.De2 Cf6 8.Cc3 
d6 9.f4 Fe7 10.e5 dxe5 11.fxe5 Cfd7 12.Ff4 Cc6 13.O-O Cdxe5 14.Tae1 Db6+ 
15.Rh1 Cxd3 16.Dxd3 O-O 17.Dg3 Rh8 18.Fc7 Da7 19.Ca4 f6 20.Fb6 Db8 21.Fc7 
Da7 22.Cb6 e5 23.Cxa8 Dxa8 24.Td1 Te8 25.Fd6 Fd8 26.Cc5 b6 27.Ce4 Cd4 28.
Fxe5 Cf5 29.Dg4 Ce3 30.Dh5 Tg8 31.Df3 Cxd1 32.Cd6 Da7 33.Cxc8 Dd7 34.Cd6 
1-0

[Event "SuperGM"]
[Site "Linares ESP"]
[Date "1998.03.04"]
[Round "10"]
[White "Topalov, Veselin"]
[Black "Shirov, Alexei"]
[Result "0-1"]
[WhiteElo "2740"]
[BlackElo "2710"]
[EventDate "1998.02.22"]

1.d4 Cf6 2.c4 g6 3.Cc3 d5 4.cxd5 Cxd5 5.e4 Cxc3 6.bxc3 Fg7 7.Fb5+ c6 8.Fa4
O-O 9.Ce2 Cd7 10.O-O e5 11.f3 De7 12.Fe3 Td8 13.Dc2 Cb6 14.Fb3 Fe6 15.Tad1
Cc4 16.Fc1 b5 17.f4 exd4 18.Cxd4 Fg4 19.Tde1 Dc5 20.Rh1 a5 21.h3 Fd7 22.a4
bxa4 23.Fa2 Fe8 24.e5 Cb6 25.f5 Cd5 26.Fd2 Cb4 27.Dxa4 Cxa2 28.Dxa2 Fxe5 
29.fxg6 hxg6 30.Fg5 Td5 31.Te3 Dd6 32.De2 Fd7 33.c4 Fxd4 34.cxd5 Fxe3 35.
Dxe3 Te8 36.Dc3 Dxd5 37.Fh6 Te5 38.Tf3 Dc5 39.Da1 Ff5 40.Te3 f6 41.Txe5 
Dxe5 42.Da2+ Dd5 43.Dxd5+ cxd5 44.Fd2 a4 45.Fc3 Rf7 46.h4 Re6 47.Rg1 Fh3 
48.gxh3 Rf5 49.Rf2 Re4 50.Fxf6 d4 51.Fe7 Rd3 52.Fc5 Rc4 53.Fe7 Rb3 0-1

[Event "Hoogovens"]
[Site "Wijk aan Zee NED"]
[Date "1999.01.28"]
[Round "10"]
[White "Topalov, Veselin"]
[Black "Shirov, Alexei"]
[Result "1/2-1/2"]
[WhiteElo "2700"]
[BlackElo "2726"]

1.e4 e6 2.d4 d5 3.Cc3 Cf6 4.e5 Cfd7 5.f4 c5 6.Cf3 Cc6 7.Fe3 a6 8.Dd2 b5 9.
Fe2 Fb7 10.a3 Tc8 11.Cd1 cxd4 12.Cxd4 Fc5 13.c3 Ca5 14.Dc2 Cc6 15.Dd3 g5 
16.Cxc6 Txc6 17.Cf2 Fxe3 18.Dxe3 Db6 19.Dxb6 Txb6 20.Cd3 gxf4 21.O-O Tg8 
22.Tf2 Tg5 23.h4 Tg3 24.Ff3 Tc6 25.Tc1 Re7 26.Rh2 Tg8 27.Tcf1 Tc4 28.Fh5 
f6 29.exf6+ Cxf6 30.Fd1 f3 31.Fxf3 Txh4+ 32.Rg1 Rd6 33.Fd1 Ce4 34.Tf8 Cg3 
35.Txg8 Th1+ 36.Rf2 Txf1+ 37.Re3 Cf5+ 38.Rd2 Tg1 39.Ff3 Ch4 40.Td8+ Rc7 
41.Th8 Cxf3+ 42.gxf3 Th1 43.Re3 a5 44.f4 Fc6 45.Ce5 b4 46.axb4 axb4 47.
cxb4 Fa4 48.Ta8 Fc2 49.Ta6 Ff5 50.b5 Tc1 51.Cf3 Td1 52.Tc6+ Rb7 53.Ce5 d4+
54.Re2 Th1 55.b4 h5 56.Cc4 d3+ 57.Rf3 Rb8 58.Cd6 d2 1/2-1/2